000 00864nam a22001577a 4500
003 OSt
005 20150919142041.0
008 150919b xxu||||| |||| 00| 0 eng d
040 _cRUA
082 _aAGR SUO 2004 B030 Or.1
100 _9867
_aSOUNG, SAMEDY.
245 _acomparison of three varieties of hibiscus sabdariffa in th condition of crop station of royal University of agriculture ( ប្រៀបធៀបលក្ខណៈជីវសាស្រ្តលើ ពូជបីប្រភេទរបស់ដំណាំ ហ៊ីប៊ីស្គុស សាបដារីហ្វហ្វា ក្នុងលក្ខខណ្ឌ ស្តានីយ៍ដំណាំនៃសាកលវិទ្យាល័យភូមិន្ទកសិកម្ម)
260 _aPhnom Penh
_bRUA
_c2005
300 _a36p.
_bill.
_c29cm.
942 _2ddc
_cAGR
999 _c835
_d835